Finish The Lyrics- Taylor Swift Songs - Statistics

General Stats
  • This quiz has been taken 2,772 times
    2,771 since last reset
  • The average score is 10 of 20
Answer Stats
Hint album Answer % Correct
"He's the reason for the..." taylor swift teardrops on my guitar
72%
"You'll be the prince and I'll be the princess..." fearless it's a love story baby just say yes
71%
"You got that james dean daydream look in your eye, and i got that..." 1989 red lip classic thing that you like
68%
"I like shiny things, but..." lover i'd marry you with paper rings
66%
"Don't blame me, love made me crazy..." reputation if it doesn't you ain't doing it right
65%
"As far as I'm concerned, you're just another..." taylor swift picture to burn
60%
"And when I felt like I was an old cardigan, under someone's bed..." folklore you put me on and said I was your favorite
57%
"And you'll save, all your dirtiest jokes for me, and..." lover at every table i'll save you a seat
52%
"Cause when you're fifteen, and somebody tells you they love you..." fearless you're gonna believe them
50%
"I'll spend forever wondering if you knew..." speak now i was enchanted to meet you
49%
"Is it cool that I said all that? Is it chill that you're in my head?" reputation cause i know that it's delicate
44%
"I'll stare directly at the sun but never in the mirror..." midnights it must be exhausting always rooting for the anti-hero
44%
"And I wish you were right here, right now, it's all good..." 1989 i wish you would
44%
"Loving him is like driving a new..." red maserati down a dead end street
43%
"Kiss me on the sidewalk, take away the pain..." speak now cause I see sparks fly whenever you smile
35%
"But on a Wednesday, in a cafe..." red i watched it begin again
32%
"But it's comin' down, no sound, it's all around..." midnights like snow on the beach
29%
"But I can see us lost in the memory..." folklore august slipped away into a moment in time
26%
"The more that you say, the less I know..." evermore wherever you stray i follow
26%
"No, no body, no crime, but..." evermore I ain't letting up until the day I die
19%
No matching quizzes found
Score Distribution
Percent of People with Each Score
Percentile by Number Answered
Your Score History
You have not taken this quiz since the last reset